"Reflexiones geográficas acerca del clima frío oceánico del hemisferio sur, Punta Arenas (Chile)" /

En siguiente trabajo de investigación se esbozan, desde un punto de vista estático, algunos rasgos más singulares del clima de Punta Arenas, la metrópolis más austral del mundo. La totalidad de las precipitaciones que caen sobre el Estrecho de Mgallanes tiene un mecanismo templado, provocadas por ir...

Descripción completa

Detalles Bibliográficos
Autor principal: Capel Molina, José Jaime
Formato: Analitica de revista
Lenguaje:español
Publicado: Santiago, Chile Pontificia Universidad Católica de Chile 1983

MARC

LEADER 00000cab a2200000 a 4500
001 040583
003 UAHC_CL
005 20170803124456.0
008 051006b xx j 000 1 spa
040 |a UAHC_CL  |c UAHC_CL  |d UAHC_CL 
100 1 |a Capel Molina, José Jaime 
245 1 0 |a "Reflexiones geográficas acerca del clima frío oceánico del hemisferio sur, Punta Arenas (Chile)" /  |c José Jaime Capel Molina. 
260 |b Pontificia Universidad Católica de Chile  |c 1983  |a Santiago, Chile 
300 |a pp. 3-16 
500 |a En: Revista de geografía norte grande, n˚10, 1983. pp. 10-16. ISSN 0379-8682 
500 |a En: Revista de geografía norte grande, n°10, 1983. pp. 10-16. ISSN 0379-8682 
500 |a En: Revista de geografÌa norte grande, nç10, 1983. pp. 10-16. ISSN 0379-8682 
520 |a En siguiente trabajo de investigación se esbozan, desde un punto de vista estático, algunos rasgos más singulares del clima de Punta Arenas, la metrópolis más austral del mundo. La totalidad de las precipitaciones que caen sobre el Estrecho de Mgallanes tiene un mecanismo templado, provocadas por irrupciones de aire polar, tanto en altitud como en las capas bajas. A lo largo del estrecho sufren un debilitamiento de oeste a este en su total anual; si en Isla Desolación, bahía Felix, recibe 4.790 mm, en cambio, en el interior, Punta Arenas, registra sólo 416 mm.\Estamos ante un clima frío oceánico de transición continental con inviernos largos y fríos, veranos frescos y cortos, en que tanto en otoño como la primavera son prácticamente, constituyendo una de las áreas más inhóspitas del continente americano. 
520 |a En siguiente trabajo de investigación se esbozan, desde un punto de vista estático, algunos rasgos más singulares del clima de Punta Arenas, la metrópolis más austral del mundo. La totalidad de las precipitaciones que caen sobre el Estrecho de Mgallanes tiene un mecanismo templado, provocadas por irrupciones de aire polar, tanto en altitud como en las capas bajas. A lo largo del estrecho sufren un debilitamiento de oeste a este en su total anual; si en Isla Desolación, bahía Felix, recibe 4.790 mm, en cambio, en el interior, Punta Arenas, registra sólo 416 mm.\Estamos ante un clima frío oceánico de transición continental con inviernos largos y fríos, veranos frescos y cortos, en que tanto en otoño como la primavera son prácticamente, constituyendo una de las áreas más inhóspitas del continente americano. 
759 |a PP115 
773 0 |t Revista de geografía norte grande  |w 040513 
900 |a REV. GEOGR. NORTE GD.-10/83 
942 |c REVA 
952 |0 0  |1 0  |4 0  |6 REV___GEOGR__NORTE_GD_10_83_000000000000000  |7 0  |8 General  |9 76348  |a BC  |b BC  |c General  |d 2017-08-03  |l 0  |o REV. GEOGR. NORTE GD.-10/83  |p FICTICIO6088  |r 2019-01-08 00:00:00  |t 1  |w 2017-08-03  |y REVA 
999 |c 40583  |d 40583